[Event "Scandic Hotels CC"]
[Site "Stockholm"]
[Date "1999.08.04"]
[Round "5"]
[White "Ahlander, Bjorn"]
[Black "Wedberg, Tom Birger"]
[Result "1-0"]
[WhiteElo "2436"]
[BlackElo "2487"]
[Annotator "Golod,V"]
[PlyCount "85"]
[EventDate "1999.07.31"]
[EventType "tourn"]
[EventRounds "9"]
[EventCountry "SWE"]
[EventCategory "9"]
[SourceTitle "CBM 073"]
[Source "ChessBase"]
[SourceDate "1999.12.01"]
[SourceVersion "1"]
[SourceVersionDate "1999.12.01"]
[SourceQuality "1"]

1. d4 Nf6 2. c4 e6 3. Nc3 Bb4 4. Qc2 O-O 5. e4 $5 {[%mdl 4]} d5 $5 {Besides
black has several options:} (5... c5 $5 {-see comments to Chiburdanidze,M-
Kortschnoj,V/Roquebrune,1998/CBM67(0-1) (Golod,V)(37)}) (5... Nc6 $6 6. Nf3 d6
7. Be3 Bxc3+ 8. bxc3 e5 9. d5 Nb8 10. c5 Ng4 11. Bg5 f6 12. Bd2 $14 {1-0
Estrada,W-Recalde,E/Asuncion 1960/MCL 07 (43)}) ({and} 5... d6 $5 {- you can
see comments to Short,N- Karpov,A /Dortmund,1997/CBM60(1-0) (Tsesarsky)(44)})
6. e5 (6. cxd5 $144 exd5 7. e5 Ne4 8. Bd3 c5 {-transfers to 6.e5}) 6... Ne4 7.
Bd3 {This move better than:} (7. Nf3) ({and} 7. a3) 7... c5 8. cxd5 exd5 9.
Nge2 cxd4 ({In my opinion slightly better is:} 9... Nc6) 10. Nxd4 Nd7 $5 {
[%csl Re5][%cal Gd7e5,Gd7c5]} 11. f4 Qh4+ ({Another alternatives is:} 11...
Ndc5 12. O-O Bxc3 (12... Nxd3 $6 13. Qxd3 Bc5 14. Be3 Bxd4 15. Qxd4 Nxc3 16.
bxc3 $14 {Abou el Zein,E-Anka,E/Pardubice,1999 (1/2-1/2)(49)}) 13. bxc3 Qa5 $5
(13... Nxd3 $143 14. Qxd3 Qa5 15. Be3 b6 16. Rfc1 Ba6 17. Qd1 Rac8 18. Qg4 $40
{Mohamed,E-Neiman,E/Clichy,1998(1-0) (33)}) 14. Bxe4 (14. Bb2 $5) (14. Rf3 $5)
14... Nxe4 15. a4 $6 (15. Bb2 $142) 15... Bd7 16. Rf3 Rac8 17. Bb2 Rc4 $15 {
Mohamed,E-Gross,D/Clichy,1998(0-1)(33)}) 12. g3 Qh3 ({Loses right away:} 12...
Nxg3 $4 {because of:} 13. Qf2 {[%csl Gf2,Rg3,Rh4]} Nc5 14. Bc2 Nce4 15. Bxe4
dxe4 16. Qxg3 $18) 13. Bf1 ({Badly:} 13. Bxe4 dxe4 14. Qxe4 Nc5 {with strong
initiative behind pawn.}) 13... Qh5 14. Bg2 Nb6 {[%cal Gc8h3]} ({After:} 14...
Qg6 15. Bd2 Bxc3 16. Bxc3 Qa6 {[%csl Rf1][%cal Ga6f1]} 17. Qe2 Qxe2+ 18. Nxe2 {
-white has a positional advantage in the endgame. Mohamed,E-Gelfand,B/Cap
D'Agde,1998 (1/2-1/2)(55)}) 15. a3 $6 $146 ({Good enough:} 15. O-O $5 Bxc3 16.
bxc3 Bh3 17. f5 $14 {Kramnik,V-Adams,M/Koeln,1998(1-0)(51)}) 15... Bxc3+ ({
Badly:} 15... Bc5 {in view of:} 16. Nxd5 $1 (16. Be3 $143 Nc4 17. Bg1 {+/=/=})
16... Bxd4 17. Ne7+ Kh8 18. Qxe4 Rd8 19. f5 $16 {[%csl Rh5] with the idea 20.
Bf3 Qh3 21.Bg4}) 16. bxc3 Bh3 ({Interesting possibility:} 16... Bf5 {[%cal
Ge4g3]}) 17. O-O ({Dubious:} 17. Bxe4 dxe4 18. Qxe4 Rac8 $36) 17... Bxg2 18.
Qxg2 $5 $13 (18. Kxg2 $143 Rac8 $15 {[%csl Rc3]}) 18... f5 $6 {Besides black
has two options:} ({Also dubious:} 18... Nxc3 19. g4 $1 Qh4 (19... Qh6 $2 20.
f5 g5 $8 (20... Qh4 $2 21. f6 $18 {[%csl Rh4][%cal Gd4f5,Gd4f3]}) 21. f6 $40 {
[%cal Gd4f5]}) 20. Nf5 Qd8 21. Bb2 $44) ({Probably strongly:} 18... Rac8 19. g4
Qh4 20. Nf5 Qd8 {[%csl Rc3] =/=/+}) 19. exf6 Nxf6 $6 ({Can be recommended:} 
19... Rxf6 $11) 20. f5 $1 {White's plan is:Ne6;h3,g4 or Be3-d4 with strong
pressure in the centre and king side.} Rac8 ({Probably better is come back:} 
20... Ne4 $5 21. g4 Qh4 22. Ne6 Rf7 {with counterplay.}) 21. Ne6 {[%mdl 2048]}
Rfe8 $6 {Again inaccuracy:} (21... Rf7 $142 22. Be3 $13 (22. h3 $143 Ne4 23. g4
Qh4 $13)) 22. Be3 $1 $14 {[%csl Ge6,Rg7][%cal Ge3d4][%mdl 2048]} Rxc3 23. Bd4
Rc4 $6 {[%csl Rd4,Ye6][%cal Ge8e6,Gc4d4]} ({Slightly better is:} 23... Rc6) 24.
Rad1 {[%csl Yd1]} Rec8 25. h3 $1 {[%mdl 128] /\g4-g5->} Rc2 $140 26. Rd2 Rxd2
27. Qxd2 h6 ({Loses:} 27... Qxh3 $4 {in view of:} 28. Qg5 {[%csl Rf6,Rg7][%cal
Gd4f6]} g6 (28... Nh5 29. f6 $18 {[%cal Gf6f7]}) (28... Ne8 29. Nxg7 h6 30. Qg6
$18) (28... Qg4 29. Bxf6 $18) 29. Nf4 $1 $18 {[%csl Rf6]} (29. Bxf6 $2 Rc2 30.
Rf2 $8 Rxf2 31. Kxf2 Qh2+)) (27... Nc4 28. Qg2 Qf7 29. g4 $40 {[%csl Rg7][%cal
Gg4g5]}) 28. Qg2 {[%csl Yg2][%cal Gg3g4,Yg2h3]} Qf7 29. g4 Re8 $2 {Decisive
mistake.} ({Also badly:} 29... Nbd7 30. h4 Nf8 31. g5 hxg5 32. hxg5 Nh5 33. g6
Qd7 34. Qg5 $18 {[%csl Rh5]}) ({More stubborn resistance after:} 29... Qe7 30.
h4 Rc4 $1 {[%csl Rd4,Ge7,Rg1][%cal Gc4d4]} 31. g5 $140 (31. Rf4 $2 Qxa3 32. g5
hxg5 33. hxg5 Rc1+ $36) 31... hxg5 32. Qxg5 (32. hxg5 $2 Rxd4 33. gxf6 (33.
Nxd4 Qe3+ 34. Kh1 Qxd4 35. gxf6 Qxf6 $11) 33... Qxf6 34. Nxd4 Qxd4+ 35. Kh1
Qh4+ 36. Kg1 $11) 32... Nbd7 33. Rf3 $36) 30. h4 {[%cal Gg4g5]} Rxe6 $8 {
Differently 31.g5} 31. fxe6 Qxe6 32. g5 $16 hxg5 $6 ({Slightly better is:} 
32... Ne4) 33. Qxg5 {[%csl Rf6][%cal Gd4f6]} Nbd7 ({Worse is:} 33... Ne8 {
in view of:} 34. h5 Qe4 (34... Nc4 35. h6 $18 {[%csl Rd5,Gg5,Rg7]}) 35. Bc3 $1
$18 {[%csl Re8][%cal Gf1e1]}) 34. h5 {[%cal Gh5h6]} Qg4+ $2 (34... Qf7 $142 35.
h6 $140 Kh7 36. hxg7 Qxg7 37. Qxg7+ Kxg7 38. Bxa7 {+/-/+-}) 35. Qxg4 Nxg4 36.
Rc1 $1 $18 {[%csl Ra7,Rb7][%cal Gc1c7]} Ndf6 (36... a6 $144 37. Rc7 Ndf6 38.
Rxb7 Nxh5 39. Rd7 $1 {[%csl Rd5]} Ngf6 $140 40. Ra7 $18 {[%csl Ra6]}) 37. Bxf6
Nxf6 38. Rc7 b5 (38... a5 $144 39. Rxb7 Nxh5 40. Ra7 Nf4 41. Kf2 $18 {[%cal
Gf2e3,Gf2f3]}) 39. Rxa7 Ne4 {[%csl Ra3][%cal Ge4d6,Ge4d2,Gd2c4,Gd6c4]} 40. Kf1
Kh7 41. Ke2 Nd6 42. Kd3 Nc4 43. Ra6 {[%csl Rb5,Rd5][%cal Gd3d4,Gd4d5,Gd5c5,
Gc5b5,Ya6h6]} 1-0

[Event "Dresden zt 1.2"]
[Site "Dresden"]
[Date "1998.04.28"]
[Round "1"]
[White "Jelen, Igor"]
[Black "Kurajica, Bojan"]
[Result "0-1"]
[WhiteElo "2430"]
[BlackElo "2580"]
[Annotator "Golod,V"]
[PlyCount "60"]
[EventDate "1998.04.28"]
[EventType "swiss"]
[EventRounds "11"]
[EventCountry "GER"]
[SourceTitle "CBM 065"]
[Source "ChessBase"]
[SourceDate "1998.08.06"]
[SourceVersion "1"]
[SourceVersionDate "1998.08.06"]
[SourceQuality "1"]

{[%mdl 8248]} 1. d4 Nf6 2. c4 e6 3. Nc3 Bb4 4. Qc2 d6 5. Bg5 h6 6. Bh4 O-O $5 (
6... Nbd7 $5 7. e3 (7. a3 $5 Bxc3+ 8. Qxc3 b6 9. e3 Bb7 10. f3 c5 11. dxc5 dxc5
12. Nh3 Qc7 13. Be2 O-O 14. O-O Rad8 15. Rad1 $14 {Zitin,Y-Kanatov,A/
WchJM-U14 1994}) 7... Qe7 (7... e5 $5 8. Nge2 exd4 9. exd4 d5 10. c5 c6 11. a3
Ba5 12. O-O-O O-O 13. g4 Re8 14. f3 Bc7 $13 {Tolush,A-Smyslov,V/ URS-ch14 1945/
0-1 (41)}) 8. Nge2 c6 (8... c5 9. dxc5 Bxc5 $6 (9... Nxc5 $5) 10. O-O-O Ne5 11.
Ne4 g5 12. Nxc5 gxh4 13. Ne4 Nxe4 14. Qxe4 Bd7 15. Qxb7 O-O 16. Nc3 Rab8 17.
Qxa7 Nc6 18. Qc7 $16 {Flohr,S-Lisitsin,G/ URS-ch13 1944/ 1-0 (42)}) 9. a3 $5 (
9. f4 $143 d5 10. a3 Ba5 11. b4 Bc7 12. c5 g5 $1 13. Bf2 Ng4 14. g3 Nxf2 15.
Kxf2 Qf6 16. Bg2 e5 $1 $15 {Kamishov,M-Lisitsin,G/ Trade Unions 1938/ 0-1 (52)}
) 9... Ba5 10. f3 O-O 11. O-O-O d5 12. e4 dxe4 13. Nxe4 g5 14. Nxf6+ Nxf6 15.
Bg3 b5 16. h4 $40 {Stahlberg,G-Villegas,B/ Mar del Plata 1943}) (6... Nc6 $5 7.
e3 g5 8. Bg3 Bxc3+ 9. Qxc3 Ne4 10. Qc2 Nxg3 11. hxg3 Qf6 12. Nf3 (12. Ne2 $5
$14 {[%cal Ge2c3]}) 12... Bd7 $11 {Wegner,H-Schmittdiel,E/ GER-ch 1989}) (6...
c5 $5 7. dxc5 dxc5 8. e3 Nbd7 9. a3 Bxc3+ 10. Qxc3 $14 O-O 11. f3 Re8 12. O-O-O
e5 13. Nh3 a5 14. Be2 Ra6 15. Qc2 $14 {Bareev,E-Timoshenko,G/ URS-sf Moscow-ch
1989}) 7. e3 Nbd7 8. Bd3 {[%cal Gg1e2]} Bxc3+ $1 (8... e5 $143 9. Nge2 Bxc3+
10. Nxc3 exd4 11. exd4 Re8+ 12. Ne2 d5 13. c5 Nf8 14. O-O Ng6 15. Bg3 Ne4 16.
Nc3 Bf5 17. Bxe4 Bxe4 18. Qb3 $14 {Doroshkievich,V-Giterman,S/ URS-chT 1968})
9. Qxc3 b6 $5 $146 {/\c5, Bb7, ><e4} (9... e5 $5 10. Ne2 Re8 11. O-O a5 12.
Rad1 Qe7 13. Bb1 Nf8 14. Rd2 Ng6 15. Bxg6 fxg6 16. f3 g5 17. dxe5 dxe5 18. Bf2
g4 $13 {Skomorokhin,R-Volkov,N/ URS-ch otbor 1989}) 10. Ne2 $5 $14 {/=} (10.
Nf3 Bb7 11. O-O Bxf3 12. gxf3 $13) 10... c5 $5 {[%csl Rc4][%cal Gc8a6,Ga8c8]} (
10... Bb7 $5 {[%csl Re4]} 11. f3 c5) 11. O-O (11. Bg3 $5 {[%csl Rd6,Yh2][%cal
Gh2h3,Yg3h2]} Qc7 $140 12. h3 {[%csl Yh2][%cal Yg3h2]} Bb7 13. O-O Qc6 14. f3)
11... Ba6 12. Rac1 $5 {[%cal Gf1d1]} (12. b3 $5 {[%csl Rc4][%cal Ga1d1]}) 12...
Qe7 13. Rfd1 Rfc8 14. Qd2 $5 {[%cal Gd4d5]} (14. b3 $5 {/\Qb2+/=}) 14... cxd4
15. exd4 (15. Nxd4 $143 Ne5 $36) 15... Qf8 $5 {[%csl Re7][%cal Gh4e7] /\ Rc7,
R ac8, ><c4} 16. b3 $14 Rc7 17. Nc3 (17. Re1 $5) 17... Rac8 18. a4 $5 {[%cal
Gc3b5]} (18. Re1 $5) 18... Nh5 $5 {[%csl Rh4][%cal Gg7g5]} (18... g5 $6 19. Bg3
Nh5 $4 20. c5 $1 {[%csl Ra6,Rd6][%cal Gd3a6,Gg3d6,Gc5d6]} Bxd3 (20... Nxg3 21.
Bxa6 $18 {[%csl Rc8,Rg3]}) 21. Bxd6 $18 {[%csl Rc7,Rd3]}) 19. Nb5 $6 (19. f3 $5
g5 20. Bf2 Nf4 21. Bf1 $14) 19... Bxb5 20. axb5 g5 $1 21. Bg3 (21. Be2 $143
Ndf6 (21... Nf4 $6 22. Bg3 (22. Bf1 Nh5) 22... Nxe2+ 23. Qxe2 $14) 22. Bxh5
Nxh5 23. Qe2 $13) 21... Nxg3 22. hxg3 d5 $1 23. f4 $6 {><d4, f4, Kg1} (23. Re1
$142 Qd6 24. Qe3) 23... Qg7 $11 {[%csl Rd4]} 24. Qe3 Nf6 {[%csl Rd4][%cal
Gf6g4,Gg7d4]} 25. Be2 $5 {[%csl Rg4][%cal Gc4c5]} (25. Qe5 $5 Ng4 26. Qxg7+
Kxg7 27. Re1 $11) 25... Ne4 26. b4 $5 {[%cal Gc4c5]} (26. Bd3 $5 f5 $1 $13 (
26... Nd6 $2 27. c5 $14)) 26... gxf4 27. gxf4 Qg3 $5 (27... Ng3 $143 28. c5
Nxe2+ 29. Qxe2 Qg3 30. Rf1 $14) 28. Qf3 $4 $138 (28. Rd3 $1 Qxe3+ (28... Qg7
29. c5 $14) 29. Rxe3 Nd6 30. c5 Nf5 31. Rd3 $14) 28... Qxf3 29. gxf3 (29. Bxf3
Rxc4 30. Rxc4 Rxc4 31. Bxe4 dxe4 $19) 29... Ng3 $1 $19 {[%csl Rc4,Re2][%cal
Gd5c4,Gc8c4,Gg3e2]} 30. Bd3 dxc4 (30... dxc4 31. Bf1 $8 Nxf1 (31... c3 $5) 32.
Kxf1 c3 $19 {[%csl Rb4,Rb5][%cal Gc7c4]}) 0-1

[Event "FRA-chT poule basse"]
[Site "France"]
[Date "2003.05.07"]
[Round "8.1"]
[White "Marcelin, Cyril"]
[Black "Schlosser, Philipp"]
[Result "0-1"]
[WhiteElo "2503"]
[BlackElo "2534"]
[Annotator "Golod,V"]
[PlyCount "78"]
[EventDate "2003.05.07"]
[EventType "team"]
[EventRounds "4"]
[EventCountry "FRA"]
[SourceTitle "CBM 095"]
[Source "ChessBase"]
[SourceDate "2003.07.25"]
[SourceVersion "1"]
[SourceVersionDate "2003.07.25"]
[SourceQuality "1"]
[WhiteTeam "Noyon"]
[BlackTeam "Bischwiller"]
[WhiteTeamCountry "FRA"]
[BlackTeamCountry "FRA"]

1. d4 Nf6 2. c4 e6 3. Nc3 Bb4 4. Qc2 O-O 5. a3 Bxc3+ 6. Qxc3 b6 7. Bg5 Ba6 8.
e3 d6 9. Bd3 Nbd7 10. Ne2 h6 11. Bh4 c5 12. b4 {In the last two years,White do
not make this move,as he does not give a advantage.} ({In my opinion,it was
better:} 12. Qc2 {You can see comments to Goloshchapov,A-Ehlvest,J/Ohrid,2001/
CBM 84(1/2-1/2)(Golod,V)(39)}) 12... cxd4 13. exd4 ({I do not think that it
was much better:} 13. Nxd4 Ne5 {[%csl Rc4][%cal Ga8c8]}) ({or} 13. Qxd4 Qc7 {
[%csl Rc4][%cal Ge6e5]} (13... Ne5 $5) 14. Rc1 e5) 13... Rc8 {[%csl Rc4][%cal
Ga6c4] Black have created threat:14...Bxc4 /\15.Bxc4 d5 (><c4).} 14. Qb3 e5 15.
Rc1 $5 ({Impossibly:} 15. d5 {in view of:} e4 {[%csl Rc4]} 16. Bxe4 $140 g5 {
[%csl Re4,Rh4]} (16... Bxc4 {[%cal Gf8e8]})) (15. f3 $6 {Does not put the
large problems for Black:} exd4 16. O-O Ne5 17. b5 Bb7 18. Nxd4 d5 $36) ({
Also it deserves attention:} 15. b5 {See annotations to games: Baburin,
A-Rozentalis,E/Copenhagen,1996/CBM 54(1/2-1/2)(Dautov,R)(31) and Ivanov,
S-Yudasin,L/St.Petersburg,1996/CBM 56(1/2-1/2)(Shipov,S)(63)}) 15... d5 $5 {
Besides Black has two principales options:} (15... exd4 $5 {See comments to
Vera,R-Morovic Fernandez,I/Cienfuegos,1996/CBM 54(1/2-1/2)(Cifuentes,P)(26)}) (
{and} 15... e4 {See annotations to games: Vera,R-Izeta Txabarri,F/Leon,1996/
CBM 54(1-0)(Tsesarsky,I)(38) and Gershon,A-Stefansson,H/Paget Parish,2001/CBM
81(1/2-1/2)(Gershon,A)(42)}) ({Senselessly:} 15... Re8 $6 16. O-O $140 e4 {
in view of:} 17. Bb1 d5 $140 18. b5 $1 Bb7 19. cxd5 Bxd5 20. Qa4 $14 {[%csl
Ra7]}) 16. cxd5 ({Pretty dubiously:} 16. b5 $6 {because of:} Bb7 {[%csl Rg2]}
17. O-O $140 exd4 $36 {[%cal Gd7c5]}) 16... Rxc1+ ({Leads to equality:} 16...
Bxd3 17. Rxc8 Qxc8 18. Qxd3 e4 19. Qb5 Qb7 20. Bxf6 Nxf6 21. O-O Qxd5 22. Qxd5
Nxd5 23. Rc1 $11 {Andrews,T-Kobese,W/Philadelphia,1998(0-1)(51)}) 17. Nxc1 Bxd3
{It became already clear,that Black have decided all opening problems.} 18.
Nxd3 $6 $146 ({It was checked in the previous game:} 18. Qxd3 $5 exd4 (18...
Qc7 $5 {[%csl Rc1,Rd5][%cal Ge5e4]}) 19. O-O Qa8 20. Qxd4 Qxd5 21. Qxd5 {
1/2-1/2 Blagojevic,D-Nikcevic,N/Cetinje,1996(21)}) 18... e4 19. Ne5 {White had
no other worthy alternative:} (19. Nb2 $143 Qc7 20. O-O Rc8 {[%csl Rd5][%cal
Gc7c2] <->c}) (19. Bxf6 $143 Qxf6 (19... Nxf6 $143 20. Ne5) 20. Ne5 Nxe5 21.
dxe5 Qxe5 22. O-O Rd8 23. Rd1 b5 {=/=/+}) 19... Nxe5 20. dxe5 (20. Bxf6 $143
Qxf6 (20... Nd3+ $2 21. Qxd3 $16) 21. dxe5 Qxe5 {and see comments to 19.Bxf6})
20... Qxd5 21. Qxd5 (21. Qg3 $2 Nh5 22. Qg4 Qxe5) 21... Nxd5 22. Kd2 {It is
rather difficult to continue a game without this move:} (22. O-O $6 Rc8 23. Rd1
Rc3 $1 $15 {[%csl Rg1][%cal Gc3d3,Gd5f4]}) 22... g5 23. Bg3 Rd8 {[%csl Rd2]
[%cal Gd5b4]} 24. Kc2 (24. Ke2 $4 Nc3+ 25. Ke3 (25. Ke1 Rd1#) 25... Rd3#) 24...
Rc8+ {Can it was necessary to decide on the more active continuation:} (24...
e3 $1 25. Re1 (25. f3 Kf8 $15 {[%cal Yf8e7]} (25... Nf4 $143 26. Bxf4 Rd2+ 27.
Kc3 gxf4 28. g3 {=/=/+})) 25... Rc8+ 26. Kd3 exf2 27. Rf1 Rd8 $15 (27... Rc3+
$6 28. Kd4 Ne3 29. Kxc3 Nxf1 30. Bxf2 Nxh2 31. Kc4 {[%csl Ra7,Rb6][%cal Gc4b5,
Gb5a6]} Ng4 32. Bd4 $13)) 25. Kb2 b5 {[%csl Yb5,Rg3][%cal Ya7a6] It's
discrepancy,which allows to improve a position of the White's pieces.} ({
Can be recommended:} 25... e3 $5) 26. h4 {[%csl Rg5,Rh6] White have created
threat:27.hxg5 /\hxg5 28.Rh5(קg5).} Kg7 {[%cal Yg7g6]} 27. hxg5 hxg5 28. Re1 (
{Leads to favourable complications for Black:} 28. Rd1 $2 Nb6 {[%cal Gb6c4,
Gb6a4]} 29. Kb3 $140 $6 Na4 30. Rd7 Rc3+ 31. Ka2 e3 $1 32. e6 e2 33. f3 Re3 34.
Rxf7+ Kg6 35. Be1 Nc3+ $1 36. Kb2 $140 Rxe6 {[%csl Rf7]} 37. Rxa7 Nd1+ 38. Kc2
Ne3+ {[%csl Re1][%cal Ge3g2]} 39. Kd2 Nxg2 $17) 28... Rc4 {[%csl Yc4,Yd5,Yg7]
[%cal Yg7g6,Yg6f5] All Black's pieces are located ideally.} 29. Rd1 Nc7 $6 {
[%cal Yc7e6]} ({From my point of view,it was better:} 29... Nb6 $5 {[%cal
Gb6a4]}) 30. Rd7 a6 31. Rd6 e3 {At last,Black have decided on this move.} 32.
f3 $1 {This move is much better,than:} (32. Rd3 $6 exf2 33. Bxf2 Ne6 {[%csl
Ra3,Ya6,Rb4,Yb5,Re5,Yf7]}) ({or} 32. fxe3 Rg4 $15 {[%csl Rg2]}) 32... Ne6 33.
Rd3 ({It is impossible to take away the pawn "a6":} 33. Rxa6 $2 Nd4 {[%csl Rg3]
[%cal Gc4c2,Gc2g2]} 34. e6 fxe6 35. Be5+ Kf7 $19 {[%cal Ge3e2]}) 33... Nf4 $1 (
{After:} 33... e2 34. Re3 {Black can not receive even the minimal advantage:}
Nd4 35. Be1 Rc2+ 36. Kb1 {[%cal Ge3e4]} Kg6 (36... Rc8 $11 {[%csl Ra3,Re1,Re3]
[%cal Gd4c2]}) 37. Re4 Rc4 38. Bf2 Kf5 39. Bxd4 Rxd4 40. Rxe2 Rd5 $11) 34. Rxe3
Nxg2 35. Rc3 $4 {After exchange of the rooks,Black receive a very good chances
to win this game.} ({Leads to equality:} 35. Rd3 Nf4 36. Rd6 $11) 35... Rxc3
36. Kxc3 Nh4 $1 37. Kd4 $4 {Probably,this mistake was made in zeitnot.} (37.
Bxh4 $4 gxh4 {[%cal Gh4h3,Gh3h2,Gh2h1]}) ({It was necessary:} 37. f4 Nf5 $1 (
37... Kg6 $143 38. fxg5 (38. Kd3 $144 Kf5) 38... Nf3 39. Kd3 Kf5 {[%csl Re5,
Rg5]} 40. Ke3 Nxe5 41. Kd4 $15 {[%csl Ra6,Rb5][%cal Gd4c5,Gc5b6]}) 38. Bh2 g4
39. Kd3 Kg6 40. Ke4 g3 41. Bg1 Nh4 {[%cal Yg6h5,Yh5g4]} 42. Be3 (42. Bc5 $143
g2 $22 {[%cal Yg6h5,Yh5g4]}) 42... Kh5 43. f5 $140 Kg4 44. f6 (44. e6 Nxf5 45.
exf7 Nd6+ {[%csl Re4,Rf7]}) 44... Ng6 {[%csl Re4][%cal Yg6f8,Yf8e6,Yg6f4,Yf4e6,
Ge6g5]} 45. e6 fxe6 46. f7 g2 47. Bc5 Kg5 48. Be7+ Kh5 49. Bc5 Nf8 $1 {[%csl
Gg2][%cal Gg2g1]} 50. Kf3 Kg6 51. Kxg2 Kxf7 $19) 37... Nf5+ 38. Kc5 Nxg3 39.
Kb6 Ne2 (39... Ne2 {After this move White resigns,because of next variant:} 40.
Kxa6 Nd4 41. Kb6 Kg6 42. Kc5 Nxf3 43. Kxb5 g4 $19) 0-1

[Event "FRA-chT poule basse"]
[Site "France"]
[Date "2003.05.10"]
[Round "11.2"]
[White "Karr, Jean Philippe"]
[Black "Luther, Thomas"]
[Result "0-1"]
[WhiteElo "2376"]
[BlackElo "2575"]
[Annotator "Golod,V"]
[PlyCount "50"]
[EventDate "2003.05.07"]
[EventType "team"]
[EventRounds "4"]
[EventCountry "FRA"]
[SourceTitle "CBM 095"]
[Source "ChessBase"]
[SourceDate "2003.07.25"]
[SourceVersion "1"]
[SourceVersionDate "2003.07.25"]
[SourceQuality "1"]
[WhiteTeam "Noyon"]
[BlackTeam "Besancon"]
[WhiteTeamCountry "FRA"]
[BlackTeamCountry "FRA"]

1. d4 Nf6 2. c4 e6 3. Nc3 Bb4 4. Qc2 O-O 5. a3 Bxc3+ 6. Qxc3 b6 7. Bg5 Bb7 8.
e3 h6 9. Bh4 c5 $5 (9... d6 {See comments to Kharlov,A-Podlesnik,B/Ljubljana,
2002/CBM 88(1-0)(Golod,V)(25)}) ({It was interestingly:} 9... d5 $5 10. cxd5
$140 Bxd5 {See comments to Pedersen,S-Gormally,D/London,1997/CBM 62(1-0)
(Tsesarsky,I)(42)}) 10. dxc5 bxc5 11. f3 d5 {It's position,with rearrangement
of moves,also it is possible to receive,after: 8.f3 h6 9.Bh4 d5 10.e3 c5 11.
dxc5 bxc5.} 12. Bxf6 Qxf6 {The position has become simpler, and now White can
not receive, even the minimal positional advantage.} 13. Qxf6 gxf6 14. O-O-O
Nd7 $5 {Comments to this part of the game (from 12.Bxf6 to 14...Nd7) and also:}
(14... dxc4 $5 {you cand find in annotations to game: Karpov,A-Piket,J/Monaco,
1999/CBM 70(1/2-1/2)(Golod,V)(48)}) ({weakly:} 14... Rd8 {in view of:} 15. cxd5
Rxd5 (15... exd5 16. Nh3 $14) 16. Rxd5 exd5 (16... Bxd5 17. Ne2 $14) 17. Bd3 {
and White has a positional advantage in the endgame.}) 15. cxd5 Bxd5 ({Again
it was weakly:} 15... exd5 16. Nh3 Nb6 17. Bd3 Rfe8 18. Rhe1 Re5 19. Nf2 $14 {
Khanukov,B-Perman,T/Saint Vincent,2001(1-0)(49)}) 16. Ne2 Rfd8 $11 ({Is a
possible continuation of the play:} 16... Ne5 $5 17. Nc3 Bb3 18. Rd2 Rfd8 19.
Rxd8+ Rxd8 20. Be2 Kf8 $11 {Sokolov,I-Kamsky,G/Groningen,1995(1/2-1/2)(51)})
17. Nf4 $6 $146 ({Two games,which have reached this position were continued as
follows:} 17. Nc3 Bb3 18. Rd2 Nb6 (18... f5 $5 19. e4 fxe4 20. Nxe4 f5 21. Nc3
Ne5 22. Be2 Nc6 $11 {[%csl Rd4][%cal Gc6d4] Ilincic,Z-Gligoric,S/Podgorica,
1996(1/2-1/2)(44)}) 19. Rxd8+ Rxd8 20. Be2 f5 21. Bd1 Bd5 $11 {[%csl Rb2,Re3]
[%cal Gb6c4,Gd8b8] 1/2-1/2 Drasko,M-Gligoric,S/Podgorica,1996(21)}) 17... Bb3
18. Rd2 ({For Black it is certainly favourable to exchange this rooks:} 18. Rd3
$6 c4 $1 19. Rd2 $140 Nc5 {[%csl Rb2]} 20. Be2 Rxd2 21. Kxd2 Rd8+ {<->d} 22.
Kc1 f5 $15) 18... c4 19. Be2 ({Leads to favourable complications for Black:} 
19. Ne2 $6 Nc5 20. Rxd8+ $140 Rxd8 21. Nd4 e5 22. Nxb3 Nxb3+ 23. Kc2 Rd2+ 24.
Kc3 Rd1 {[%csl Rf1][%cal Gb3d2,Gd1c1]}) 19... Nc5 {[%csl Rc1]} 20. e4 ({
Leads to very difficult endgame for White:} 20. Bd1 $2 Rxd2 21. Kxd2 Rd8+ 22.
Kc1 (22. Ke2 Rb8 {[%csl Rb2]}) 22... e5 23. Nh5 Nd3+ 24. Kb1 Rb8 $1 {[%csl Rb2]
} (24... Nf2 $143 25. Bxb3 Nxh1 26. Bxc4 $15) 25. Be2 (25. Nxf6+ $2 Kg7 26.
Nh5+ Kg6 $19 {[%csl Rb2,Rh5]}) 25... f5 {=/+/-/+}) 20... Kf8 21. Bd1 ({From my
point of view,it was a little better:} 21. g4 $5) 21... Rdc8 22. Bc2 {[%csl
Ya3,Yb2,Yc1,Yc2,Yd2] White too early have begun to build a fortress .} ({
It deserves attention:} 22. Kb1 {/\Bxb3}) 22... Rab8 23. Kb1 {White don't have
any clear plan,they wait and prepare for active actions on the part of Black.}
Na4 {The game of Black corresponds to the requirements of a position.} 24. Ne2
$6 ({Can be recommended:} 24. Ka1 c3 $140 25. bxc3 Nxc3 (25... Rxc3 $143 26.
Rb1 {[%csl Rb8]}) 26. Rc1 Rc4 $36 {[%csl Ra3][%cal Gc4a4]}) 24... c3 $1 $15 {
[%csl Rb1] Black perfectly use weakness of the White's king.} 25. Nxc3 $4 {
It already rough tactical miscalculation.} ({It was necessary:} 25. bxc3 Nxc3+
26. Nxc3 Rxc3 27. Kb2 Re3 {[%csl Ra3]} 28. Ra1 e5 $15) 25... Bxc2+ {After this
move White resigns,because of next variants:} (25... Bxc2+ 26. Kxc2 (26. Rxc2
$144 Nxc3+ {[%csl Rb1]}) 26... Rxb2+ {[%csl Rc3]}) 0-1